000 00697nam a2200253 i 4500
001 C2-0325968
003 PPAK
005 20180728123927.0
008 140310s2013 my a|||| ||||| | may d
020 _a9789674011703
040 _aPPAK
_beng
_cPPAK
_erda
082 0 4 _a899.233
_223
090 0 0 _a899.233
_bILY
_dG
100 0 _aIlya Alias,
_eauthor
245 1 0 _aGadis basikal
264 1 _aBatu Caves, Selangor :
_bPTS One ,
_c2013
300 _a230 pages :
_bcolour illustrations ;
_c19 cm
336 _2rdacontent
_atext
337 _2rdamedia
_aunmediated
338 _2rdacarrier
_avolume
650 1 0 _aMalay fiction.
700 0 _aRasmawati Abdul Muin,
_eeditor
942 _ddc
_cB
999 _c125664
_d125664